00597nam a2200181Ia 4500008004100000020001800041041000800059082001600067100003400083245004000117260003600157300001600193650001600209650001600225906004600241999001900287952010900306210719s2005 xx 000 0 und d a81-297-0498-6 aeng a363.73 JOSE aJOSEPH (Kurian);NAGENDRAN (R) aEssentials of environmental studies aDelhibPearson Education.c2005 axii,503bPB aEnvironment aSocial Work aenvironmental ; Essentials ; of ; studies c214603d214603 001040708Social WorkaALbALd2008-03-13l0o363.73 JOSEpD03215r2021-07-19 00:00:00w2021-07-19yDB